One Direction song by first line! - Statistics

General Stats
  • This quiz has been taken 1,559 times
  • The average score is 10 of 11
Answer Stats
Lyrics Song % Correct
You're insecure, don't know what for. You're turning heads when you walk through the door. What Makes You Beautiful
100%
Written in these walls are the stories that I can't explain. I leave my heart open but it stays right here empty for days. Story Of My Life
97%
Maybe it's the way she walked, straight into my heart and stole it. Best Song Ever
94%
Oh, I just wanna take you anywhere that you'd like. We could go out any day, any night. Baby I'll take you there, take you there... Kiss You
92%
Your hand fits in mine like it's made just for me. But bear this in mind, it was meant to be. Little Things
91%
I've tried playing it cool, but when i'm looking at you. I can't ever be brave, cause you make my heart race. One Thing
91%
You gotta help me, i'm losing my mind. I keep getting the feeling you wanna leave this all behind. Thought we were going strong, thought we were holding on. Aren't we? History
89%
Hey girl I'm waiting on ya, I'm waiting on ya, come on and let me sneak you out. Live While We're Young
89%
Stained coffee cup. Just a fingerprint of lipstick’s not enough. Sweet, where you lay. Still a trace of innocence on pillow case No Control
83%
Lately i've found myself thinking, been dreaming about you a lot. And up in my head i'm your boyfriend, but that's one thing you've already got. I Would
81%
You don't understand, you don't understand. What you do to me when you hold his hand. We were meant to be but a twist of fat, made it so we have to walk away. Happily
74%
No matching quizzes found
Score Distribution
Percent of People with Each Score
Percentile by Number Answered
Your Score History
You have not taken this quiz